000 00592nam a2200181Ia 4500
008 131103s9999 xx 000 0 und d
040 _aLoreto College
041 _aEnglish
082 _a804/MAC
_bLCLIB/2 copy
100 _aMackenzie, Donald A.
245 4 _aThe world's heritage of epical heroic and romantic literature
_cby Donald A. Mackenzie; with illustration by Noel L. Nisbet
260 _aLondon
_bGresham Publishing
_c1922
300 _a2v.
_b illus.
_c 21 cm
650 _aLiterature - Drama
700 _aNissbet, Noel L., illus.
850 _aLCLIB/808.8/MAC
942 _cBK
999 _c20888
_d71367